000 nam a22 a 4500
999 _c1258
_d1258
003 AKMAL
005 20170509084355.0
008 170509 000 0 eng d
020 _a9789677013645
040 _cAKMAL
082 _a297.576 ESS
245 1 _aThe Modern Compendium of Halal
260 _aMDC Publishers
942 _2ddc
_cBOOK